| 000 | 00657nam a2200205Ia 4500 | ||
|---|---|---|---|
| 008 | 191130s1999##################000#0#eng## | ||
| 020 | _a9780195120752 | ||
| 022 | _a98026835 | ||
| 040 |
_aACL _cACL |
||
| 082 | _a306.701 BUR | ||
| 245 |
_aA most detestable crime : new philosophical essays on rape _cedited by Keith Burgess-Jackson |
||
| 260 |
_aOxford _bOxford University Press _c1999 |
||
| 300 | _axv, 306 p. ; 24 cm | ||
| 500 | _aIncludes bibliographical references (p. 275-300) and index | ||
| 650 | _aRape - Philosophy | ||
| 700 | _aBurgess-Jackson, Keith | ||
| 990 | _a00f64982ac10000c556ea8f02da975e0 | ||
| 991 | _a16253 | ||
| 999 |
_c357745 _d357745 |
||